Гиперреактивная механика

Detalles Bibliográficos
Autor principal: Тертычный-Даури В. Ю. Владимир Юрьевич
Sumario:Изложены основы нового научного направления в механике тел переменной массы, связанного с понятием нестационарной реактивности и получившего в настоящее время название гиперреактивной механики. С помощью дифференциального принципа полноты найдены уравнения гиперреактивного движения, главной особенностью которых является присутствие величин, зависящих от ускорения изменения массы системы. Основное внимание уделено анализу свойств рассматриваемых явлений, их точному математическому описанию. С гипердинамической частью книги тесно связана часть, посвященная ядерной электродинамике, в которой исследованы процессы управляемой зарядовой кинетики. Разработана концепция энергетического устройства нового типа — ядерного электрогенератора. Для специалистов в области реактивной механики, космодинамики, ракетостроения, ядерной электродинамики, инженерно-технических работников, аспирантов и студентов.
Lenguaje:ruso
Publicado: Москва, Физматлит, 2004
Materias:
Formato: Libro
KOHA link:https://koha.lib.tpu.ru/cgi-bin/koha/opac-detail.pl?biblionumber=81518

MARC

LEADER 00000nam0a2200000 4500
001 81518
005 20231031095211.0
010 |a 5922105256 
035 |a (RuTPU)RU\TPU\book\87624 
090 |a 81518 
100 |a 20050921d2004 k y0rusy50 ca 
101 0 |a rus 
102 |a RU 
105 |a y z 001zy 
200 1 |a Гиперреактивная механика  |f В. Ю. Тертычный-Даури 
210 |a Москва  |c Физматлит  |d 2004 
215 |a 558 с. 
320 |a Библиогр.: с. 540-558 
330 |a Изложены основы нового научного направления в механике тел переменной массы, связанного с понятием нестационарной реактивности и получившего в настоящее время название гиперреактивной механики. С помощью дифференциального принципа полноты найдены уравнения гиперреактивного движения, главной особенностью которых является присутствие величин, зависящих от ускорения изменения массы системы. Основное внимание уделено анализу свойств рассматриваемых явлений, их точному математическому описанию. С гипердинамической частью книги тесно связана часть, посвященная ядерной электродинамике, в которой исследованы процессы управляемой зарядовой кинетики. Разработана концепция энергетического устройства нового типа — ядерного электрогенератора. Для специалистов в области реактивной механики, космодинамики, ракетостроения, ядерной электродинамики, инженерно-технических работников, аспирантов и студентов. 
610 1 |a космодинамика 
610 1 |a механические системы 
610 1 |a реактивное движение 
610 1 |a космические полеты 
610 1 |a механика 
610 1 |a ракетодинамика 
610 1 |a гиперреактивная механика 
610 1 |a гравитационные поля 
610 1 |a гипердвижения 
610 1 |a энергетические преобразования 
610 1 |a задачи Циолковского 
610 1 |a ядерная электродинамика 
610 1 |a нерелятивистская модель 
610 1 |a нейтронная кинетика 
610 1 |a зарядовая кинетика 
610 1 |a стабилизационные процедуры 
610 1 |a адаптивная ядерная кинетика 
610 1 |a небесная механика 
610 1 |a теория относительности 
610 1 |a квантовая механика 
610 1 |a ядерная физика 
610 1 |a ядра 
610 1 |a радиоактивный распад 
610 1 |a ядерные реакции 
610 1 |a нейтронная физика 
675 |a 629.76  |v 3 
675 |a 531  |v 3 
700 1 |a Тертычный-Даури  |b В. Ю.  |g Владимир Юрьевич 
801 1 |a RU  |b 63413507  |c 20050921  |g PSBO 
801 2 |a RU  |b 63413507  |c 20051005  |g PSBO 
942 |c BK